000 01644nam0a2200385 4500
001 RU\NLR\BIBL_A\022102117
005 20250625121851.0
010 _a978-5-7114-0848-2
_9100
035 _a(RuMoRGB)012349189
035 _a(NLR Aleph) 022102117
090 _a12749877
_c12749877
100 _a20231222d2023 |||y0rusy50 ca
101 0 _arus
102 _aRU
105 _aacb z 000yy
181 0 _ai3
_baxxe
182 1 _an
200 1 _aПутеводитель по сакральным местам Древней Индии на Южном Урале
_fА. Н. Пирожков, А. А. Иваненко, А. А. Копцева, М. А. Пирожков
203 _aТекст
_bвизуальный
_cнепосредственный
210 _aМагнитогорск
_cМагнитогорский дом печати
_d2023
215 _a179 с.
_cцв. ил., портр., карт.
_d22
320 _aБиблиогр. в тексте
330 _aотношение к истории и мифологии Древней Индии
333 _a12+
606 1 _aСакральное пространство
_jПутеводители
_yУрал Южный
_92576128
_3RU\NLR\AUTH\6601734151
675 _a908(470.56/.58)
_v4
686 1 _aЭ239(2Р36)-5я23
701 1 _aПирожков
_bА.Н.
_gАлександр Николаевич
701 1 _aИваненко
_bА. А.
701 1 _aКопцева
_bА. А.
_gАнтонина Алексеевна
701 1 _aПирожков
_bМ. А.
942 _cBOOK
980 _aNB